Bannerlord Tier 5-6 Troops - Statistics

General Stats
  • This quiz has been taken 29 times
  • The average score is 11 of 34
Answer Stats
Hint Answer % Correct
Best Archer In The Game-Tier 6 B Battanian Fian Champion
85%
Best Cavalry In The Game-Tier 6 E Imperial Elite Cataphract
67%
E Imperial Legionary
63%
Has a Lance-Tier 6 V Vlandian Banner Knight
52%
E Imperial Palatine Guard
48%
B Battanian Oathsworn
41%
E Imperial Sergeant Crossbowman
41%
Has A Bow And No Sword-Tier 6 K Khuzait Khan's Guard
41%
V Vlandian Sergeant
41%
B Battanian Wildling
37%
V Vlandian Sharpshooter
37%
S Sturgian Heavy Spearman
33%
It's A Four Word Troop S Sturgian Heroic Line Breaker
33%
B Battanian Veteran Falxman
30%
E Imperial Bucelarii
30%
My Favorite Troop In The Game E Imperial Elite Menavliaton
30%
S Sturgian Heavy Axeman
30%
A Aserai Master Archer
26%
B Battanian Horseman
26%
K Khuzait Darkhan
26%
V Vlandian Vangaurd
26%
S Sturgian Veteran Bowman
22%
V Vlandian Pikeman
22%
V Vlandian Voulgier
22%
It's A Four Word Troop A Aserai Mamluke Palace Guard
19%
Cavalry With A Bit of Everything-Tier 6 A Aserai Vangaurd Faris
19%
A Aserai Veteran Infantry
19%
It's A Four Word Troop K Khuzait Heavy Horse Archer
19%
K Khuzait Heavy Lancer
19%
It's A Four Word Troop A Aserai Mamluke Heavy Cavalry
15%
There's 2 n's and 1 z-Tier 6 S Sturgian Druzhinnik Champion
15%
S Sturgian Horse Raider
15%
B Battanian Scout
11%
K Khuzait Marksman
7%
No matching quizzes found
Score Distribution
Percent of People with Each Score
Percentile by Number Answered
Your Score History
You have not taken this quiz